000
00331nam a22001457a 4500
008
210303b ||||| |||| 00| 0 eng d
020
_a
2901133943975
041
_a
eng
080
_2
3rd
_a
336
082
_a
336
100
_a
56
101
_a
FIN
245
_a
Cornerstones of Financial Accounting
_c
Rich, J. S
942
_2
udc
_c
BK
999
_c
55624
_d
55624